000
00276nam a2200145Ia 4500
100
_a
Goswami/Amit
942
_c
BK
366
_f
25
245
_a
The everything answer book
260
_b
Jaico
_c
2017
082
_b
GOS
300
_a
238
546
_a
ENGLISH
999
_c
24884
_d
24884